000 01923cam a22004814a 4500
001 muse33602
003 MdBmJHUP
005 20210127151043.0
006 m o d
007 cr||||||||nn|n
008 080728s2009 ohu o 00 0 eng d
010 _z 2008030949
020 _a9780814271582
020 _a0814271588
020 _z9780814203996 (cloth : alk. paper)
020 _z081420399X (cloth : alk. paper)
035 _a(OCoLC)695397341
040 _aMdBmJHUP
_cMdBmJHUP
050 0 4 _aPA6059.E6
_bJ64 2009
082 0 _a874/.01
_222
100 1 _aJohnson, W. R.
_q(Walter Ralph),
_d1933-
245 1 2 _aA Latin Lover in Ancient Rome
_bReadings in Propertius and his Genre /
_cW.R. Johnson.
264 1 _bOhio State University Press,
264 3 _bProject MUSE,
300 _a1 online resource (xiii, 165 p.)
504 _aIncludes bibliographical references (p. 149-154) and indexes.
505 0 _aThe d/evolution of love -- Aeneas in love -- Two portraits of the lady -- Propertius and the poetics of disgregation -- Whatever happened to Latin love elegy?
506 0 _aOpen Access
_fUnrestricted online access
_2star
588 _aDescription based on print version record.
650 0 _aElegiac poetry, Latin
_xHistory and criticism.
650 0 _aLove poetry, Latin
_xHistory and criticism.
600 1 1 _aPropertius, Sextus
_xCriticism and interpretation.
655 7 _aElectronic books.
_2local
710 2 _aProject Muse.
_edistributor
830 0 _aBook collections on Project MUSE.
856 4 0 _zFull text available:
_uhttps://muse.jhu.edu/book/27801/
945 _aProject MUSE - Archive Literature Supplement III
945 _aProject MUSE - Archive Complete Supplement III
999 _c24434
_d24434